Catálogo
 En Linea

La otra cara de Pepito / (Registro nro. 25330)

Detalles MARC
000 -CABECERA
campo de control de longitud fija 00731nam a2200217 a 4500
001 - NÚMERO DE CONTROL
campo de control 000025838
005 - FECHA Y HORA DE LA ÚLTIMA TRANSACCIÓN
campo de control 20210927144325.0
008 - DATOS DE LONGITUD FIJA--INFORMACIÓN GENERAL
campo de control de longitud fija 110223s1996 dr 000 p spa d
040 ## - FUENTE DE LA CATALOGACIÓN
Centro catalogador/agencia de origen DO-SdBNP
Lengua de catalogación spa
Centro/agencia transcriptor BNPHU
082 ## - NÚMERO DE LA CLASIFICACIÓN DECIMAL DEWEY
Número de clasificación RD861.44
Número de documento/Ítem G643o
100 1# - ENTRADA PRINCIPAL--NOMBRE DE PERSONA
Nombre de persona González, Rafael
9 (RLIN) 24695
245 13 - MENCIÓN DE TÍTULO
Título La otra cara de Pepito /
Mención de responsabilidad, etc. Rafael González ; prólogo Miguel Ángel Gómez.
260 ## - PUBLICACIÓN, DISTRIBUCIÓN, ETC.
Lugar de publicación, distribución, etc. La Romana, República Dominicana :
Nombre del editor, distribuidor, etc. Imprenta Sami,
Fecha de publicación, distribución, etc. 1996.
300 ## - DESCRIPCIÓN FÍSICA
Extensión 42 p. ;
Dimensiones 23 cm.
490 1# - MENCIÓN DE SERIE
Mención de serie Over
Designación de volumen o secuencia 2
650 #4 - PUNTO DE ACCESO ADICIONAL DE MATERIA--TÉRMINO DE MATERIA
Término de materia o nombre geográfico como elemento de entrada Poesía infantil dominicana
9 (RLIN) 1187
650 #0 - PUNTO DE ACCESO ADICIONAL DE MATERIA--TÉRMINO DE MATERIA
Término de materia o nombre geográfico como elemento de entrada LITERATURA INFANTIL DOMINICANA
9 (RLIN) 52668
700 1# - PUNTO DE ACCESO ADICIONAL--NOMBRE DE PERSONA
Nombre de persona Gómez, Miguel Ángel,
Término indicativo de función/relación pról.
9 (RLIN) 23560
830 #0 - PUNTO DE ACCESO ADICIONAL DE SERIE-TÍTULO UNIFORME
Título uniforme Over
Número de parte o sección de la obra 2
9 (RLIN) 52669
910 ## - DATOS DE OPCIÓN DEL USUARIO (OCLC)
Datos de opción del usuario Validado. Control de calidad BNPHU
Existencias
Estado de retiro Estado de pérdida Restricciones de uso No para préstamo Código de colección Localización permanente Ubicación/localización actual Ubicación en estantería Fecha de adquisición Número de inventario Total de préstamos Signatura topográfica completa Código de barras Fecha visto por última vez Número de copia Precio válido a partir de Tipo de ítem Koha
        Infantojuvenil Patrimonio Dominicano Patrimonio Dominicano Biblioteca Nacional Pedro Henríquez Ureña Depósito 23.02.2011 LF1   RD861.44 G643o 25838-30 25.06.2020 e. 3 25.06.2020 Préstamo en sala
        Infantojuvenil Patrimonio Dominicano Patrimonio Dominicano Biblioteca Nacional Pedro Henríquez Ureña Depósito 23.02.2011 LF1   RD861.44 G643o 25838-40 25.06.2020 e. 4 25.06.2020 Préstamo en sala
        Infantojuvenil Patrimonio Dominicano Patrimonio Dominicano Biblioteca Nacional Pedro Henríquez Ureña Depósito 07.04.2011 LF1   RD861.44 G643o 25838-50 25.06.2020 e. 5 25.06.2020 Préstamo en sala
      Excluido de préstamo Infantojuvenil Patrimonio Dominicano Patrimonio Dominicano Biblioteca Nacional Pedro Henríquez Ureña Depósito 23.02.2011 LF1   RD861.44 G643o 25838-10 25.06.2020   25.06.2020 No se presta
      Excluido de préstamo Infantojuvenil Patrimonio Dominicano Patrimonio Dominicano Biblioteca Nacional Pedro Henríquez Ureña Depósito 23.02.2011 LF1   RD861.44 G643o 25838-20 25.06.2020 e. 2 25.06.2020 No se presta

Con tecnología Koha